Countries Containing Y - Statistics

General Stats
  • This quiz has been taken 882 times
  • The average score is 15 of 19
Answer Stats
Country % Correct
Yemen
95%
Paraguay
90%
Uruguay
89%
Germany
87%
Italy
87%
Norway
85%
Turkey
85%
Hungary
83%
Kyrgyzstan
83%
Syria
82%
Libya
81%
Malaysia
78%
Guyana
77%
Kenya
77%
Egypt
75%
Myanmar
74%
Cyprus
71%
Seychelles
71%
Vatican City
64%
No matching quizzes found
Score Distribution
Percent of People with Each Score
Percentile by Number Answered
Your Score History
You have not taken this quiz